<?xml version="1.0" encoding="UTF-8"?>
<collection xmlns="http://www.loc.gov/MARC21/slim">
  <record>
    <leader>00000nam  2200000   4500</leader>
    <controlfield tag="001">INLIS000000000000638</controlfield>
    <controlfield tag="005">20180724135631</controlfield>
    <controlfield tag="008">180724|||||||||   |   |||   |||| ||   | </controlfield>
    <datafield tag="035" ind1=" " ind2=" ">
      <subfield code="0">010-0718000638</subfield>
    </datafield>
    <datafield tag="041" ind1=" " ind2=" ">
      <subfield code="a">id</subfield>
    </datafield>
    <datafield tag="082" ind1=" " ind2=" ">
      <subfield code="a">017</subfield>
    </datafield>
    <datafield tag="090" ind1=" " ind2=" ">
      <subfield code="a">R.017 PIM I 2015</subfield>
    </datafield>
    <datafield tag="100" ind1=" " ind2=" ">
      <subfield code="a">Hendroyono, Bambang</subfield>
    </datafield>
    <datafield tag="245" ind1=" " ind2=" ">
      <subfield code="a">Penerapan Kebijakan Self Assesment Berbasis Teknologi Informasi Dan Post Audit Dalam Rangka Peningkatan Efisiensi Dan Efektivitas Pengelolaan Hutan Produksi.</subfield>
    </datafield>
    <datafield tag="260" ind1=" " ind2=" ">
      <subfield code="a">Jakarta</subfield>
      <subfield code="b">LAN Jakarta</subfield>
      <subfield code="c">2015</subfield>
    </datafield>
    <datafield tag="300" ind1=" " ind2=" ">
      <subfield code="a">52 hlm.</subfield>
    </datafield>
    <datafield tag="500" ind1=" " ind2=" ">
      <subfield code="a">Melalui enam tahapan kegiatan (Pembentukan Tim Penyusunan Kebijakan, Melakukan Evaluasi atas Pengelolaan Hutan Produksi, Penyusunan Naskah Akademik, Penyusunan konsep Peraturan Menteri LHK, Konsultasi Publik, Penerbitan Peraturan Menteri) dalam target jangka pendek serta dukungan penuh multi stakeholder, dapat diselesaikan lima Peraturan Menteri Lingkungan Hidup dan Kehutanan yang dilanjutkan Sosialisasi Peraturan Menteri yang merupakan target jangka menengah dapat dipercepat.</subfield>
    </datafield>
    <datafield tag="650" ind1=" " ind2=" ">
      <subfield code="a">Teknologi Informasi</subfield>
    </datafield>
  </record>
</collection>
